Estadística Panameña, situación económica: industria año 2000/
Kaydedildi:
| Müşterek Yazar: | |
|---|---|
| Materyal Türü: | Kitap |
| Dil: | Spanish |
| Etiketler: |
Etiketle
Etiket eklenmemiş, İlk siz ekleyin!
|
MARC
| LEADER | 00000nam a22000007a 4500 | ||
|---|---|---|---|
| 003 | cru CIDCACS/IIS | ||
| 005 | 20190314145210.0 | ||
| 007 | ta | ||
| 008 | 190314n pn |||p|r|||||||| ||spa|d | ||
| 999 | |c 42247 |d 42247 | ||
| 040 | |c cru CIDCACS/IIS | ||
| 110 | 1 | |9 8381 |a República de Panamá. |b Dirección de Estadística y Censos | |
| 245 | 1 | |a Estadística Panameña, situación económica: |b industria año 2000/ |c Dirección de Estadística y Censos | |
| 300 | |a 82 páginas: |b tablas, gráficos | ||
| 942 | |2 ddc |c PP | ||
| 773 | 0 | |0 42245 |9 2738 |a República de Panamá. |d Panamá: Dirección de Estadística y Censos |o 18656 |t Estadística Panameña, situación económica: | |
